000 00392nam a2200145Ia 4500
008 230917s9999||||xx |||||||||||||| ||und||
040 _e216212
_aMAIN
041 _aEnglish
082 _a863.3 C337D
100 _aCervantes Sravedra, Migziel de
245 0 _aDon Quixote: Backgrouds and sources, criticism
260 _aNew York
_bW W Norton
_c1981
300 _axiii, 10003 p.
942 _cBK
999 _c78099
_d78099